|
|
|
|
| LEADER |
00000nam0a2200000 4500 |
| 001 |
245443 |
| 005 |
20231031211125.0 |
| 010 |
|
|
|b 7150 экз.
|
| 035 |
|
|
|a (RuTPU)RU\TPU\book\266852
|
| 090 |
|
|
|a 245443
|
| 100 |
|
|
|a 20131111d932 m y0rusy50 ca
|
| 101 |
1 |
|
|a rus
|c ger
|
| 102 |
|
|
|a RU
|
| 105 |
|
|
|a a z 000zy
|
| 200 |
1 |
|
|a Инженерная геология
|f К. Терцаги
|g под ред. и с предисловием проф. Н. В. Бобкова ; пер. с нем. проф. Н. Ф. Погребова, доц. Г. В. Тринклера и А. В. Лермонтовой
|
| 210 |
|
|
|a Ленинград
|c Георазведиздат
|d 1932
|a Москва
|
| 215 |
|
|
|a 390 с.
|c ил.
|
| 317 |
|
|
|5 63413507: 179895
|a Поступила в НТБ в 1940 г. в составе книжного собрания академика М. А. Усова.
|
| 320 |
|
|
|a Библиогр. в примеч.:
|
| 610 |
1 |
|
|a инженерная геология
|
| 610 |
1 |
|
|a грунтоведение
|
| 610 |
1 |
|
|a обвалы
|
| 610 |
1 |
|
|a оползни
|
| 610 |
1 |
|
|a грунт
|
| 610 |
1 |
|
|a предельные нагрузки
|
| 610 |
1 |
|
|a оседание
|
| 610 |
1 |
|
|a плотины
|
| 610 |
1 |
|
|a торфяные грунты
|
| 610 |
1 |
|
|a грунтовые дороги
|
| 610 |
1 |
|
|a туннели
|
| 610 |
1 |
|
|a горные породы
|
| 610 |
1 |
|
|a технические исследования
|
| 610 |
1 |
|
|a библиотека М. А. Усова
|
| 675 |
|
|
|a 624.131.1
|v 3
|
| 700 |
|
1 |
|a Терцаги
|b К.
|
| 702 |
|
1 |
|a Бобков
|b Н. В.
|4 340
|
| 702 |
|
1 |
|a Погребов
|b Н. Ф.
|4 730
|
| 702 |
|
1 |
|a Тринклер
|b Г. В.
|4 730
|
| 702 |
|
1 |
|a Лермонтова
|b А. В.
|4 730
|
| 801 |
|
1 |
|a RU
|b 63413507
|c 20131111
|
| 801 |
|
2 |
|a RU
|b 63413507
|c 20131111
|g RCR
|
| 942 |
|
|
|c BK
|